Statistics for Countries in Squares of an Empty World Map

Click here to take the quiz!

General Stats

  • This quiz has been taken 1,646 times
    (1,141 since last reset)
  • The average score is 176 of 180

Answers on the Map

Answers color-coded by a green-red scale on the quiz's map according to % correct below.
Loading ...
 

Answer Stats

Box% Correct
Water
100%
Russia / Kazakhstan / Turkmenistan / Tajikistan / Uzbekistan / Iran / Kyrgyzstan / Afghanistan
99%
Russia / Kazakhstan
99%
Russia / China / Japan
99%
Russia / China / Mongolia / South Korea / North Korea
99%
Russia / China / Mongolia
99%
Russia / Kazakhstan / Kyrgyzstan / Tajikistan / Uzbekistan / Afghanistan / China / Mongolia
99%
Dominican Republic / United States / Grenada / Trinidad and Tobago / Antigua and Barbuda / St Kitts and Nevis / St Vincent and the Grenadines / Barbados / Venezuela / Netherlands / France / St Lucia / Dominica
99%
Ukraine / Russia / Armenia / Georgia / Azerbaijan / Turkey / Iran
99%
Russia / China
99%
Russia / Mongolia
99%
Russia / Finland / Belarus / Ukraine / Kazakhstan
99%
Tajikistan / Pakistan / Afghanistan / India / China / Nepal / Bangladesh / Bhutan
99%
Norway / Sweden / Finland / Russia / Estonia / Latvia / Lithuania / Belarus / Ukraine / Poland / Denmark / Germany
99%
China / Bhutan / Bangladesh / India / Myanmar
99%
India / Bangladesh / Myanmar / Thailand / Laos / China / Vietnam / Cambodia
99%
United States / Canada
99%
United States / Mexico
99%
Ecuador / Peru / Brazil / Colombia / Bolivia
98%
Colombia / Venezuela / Brazil / Guyana / France / Trinidad and Tobago / Suriname
98%
Costa Rica / Panama / Colombia / Venezuela / Brazil / Peru / Ecuador
98%
Brazil
98%
Sudan / South Sudan / D.R. of the Congo / R. of the Congo / Rwanda / Uganda / Central African Republic / Chad / Cameroon / Nigeria / Gabon / Equatorial Guinea / Burundi / Tanzania
98%
China / Taiwan / Philippines
98%
Egypt / Sudan / South Sudan / Eritrea / Djibouti / Somalia / Ethiopia / Saudi Arabia / Yemen
98%
United States
98%
Brazil / Bolivia / Peru
98%
Australia / Indonesia / East Timor
98%
Australia / Indonesia / Papua New Guinea
98%
Peru / Bolivia / Chile / Argentina
98%
Brazil / Paraguay / Argentina / Chile / Bolivia
98%
Namibia / Angola / Zambia / Zimbabwe / South Africa / Lesotho / Botswana
98%
Malawi / Mozambique / Madagascar / Zimbabwe / Eswatini / South Africa
98%
Australia
98%
Australia / France / Vanuatu
98%
Chile / Argentina
98%
Argentina / Uruguay / Brazil
98%
Libya / Egypt / Sudan / Chad / Nigeria / Niger / Cameroon / Algeria
98%
Saudi Arabia / United Arab Emirates / Oman / Yemen / India / Pakistan
98%
Canada / Denmark
98%
Tunisia / Italy / Malta / Greece / Turkey / Egypt / Libya
98%
Cuba / Bahamas / Dominican Republic / Haiti / Jamaica / Belize / Guatemala / Honduras / El Salvador / Nicaragua / Costa Rica / Colombia / Venezuela / Netherlands / Mexico
98%
Mexico / Guatemala / El Salvador
98%
Portugal / Spain / France / Andorra / Monaco / United Kingdom / Italy / Switzerland / Liechtenstein / Austria / Germany / Belgium / Netherlands / Luxembourg
98%
Russia
98%
China / Taiwan / South Korea / Japan
98%
Ireland / United Kingdom / Belgium / Netherlands / Germany / Denmark / Norway
98%
Canada
98%
Norway / Sweden / Finland / Russia
98%
United States / Bahamas
98%
Iran / Turkmenistan / Afghanistan / Pakistan / Tajikistan / Uzbekistan / Qatar / Saudi Arabia / United Arab Emirates / Oman / India
98%
Turkey / Syria / Cyprus / Egypt / Israel / Lebanon / Jordan / Saudi Arabia / Kuwait / Iraq / Iran / Bahrain
98%
Algeria / Mali / Mauritania / Guinea / Burkina Faso / Ghana / Togo / Benin / Nigeria / Niger
97%
Cape Verde / Morocco / Mauritania / Mali / Senegal / Gambia / Guinea / Guinea-Bissau
97%
R. of the Congo / D.R. of the Congo / Burundi / Rwanda / Tanzania / Angola / Zambia / Zimbabwe / Mozambique / Gabon
97%
Philippines / Brunei / Malaysia / Indonesia
97%
Kenya / Tanzania / Mozambique / Comoros / Madagascar / Malawi / Zambia
97%
Germany / Slovakia / Czech Republic / Poland / Ukraine / Moldova / Romania / Bulgaria / Greece / Turkey / Macedonia / Italy / Vatican City / San Marino / Slovenia / Austria / Hungary / Croatia / Bosnia and Herzegovina / Albania / Montenegro / Kosovo / Serbia
97%
Palau / Micronesia / Indonesia
97%
Spain / Portugal / Morocco / Mauritania / Algeria / Tunisia / Mali / Libya
97%
Myanmar / Malaysia / Thailand / Singapore / Indonesia
97%
India / Sri Lanka / Maldives
97%
Sudan / South Sudan / Ethiopia / Kenya / Uganda / Tanzania / Somalia
97%
Guinea / Liberia / Ivory Coast / Mali / Burkina Faso / Ghana / Togo / Benin / Nigeria / Cameroon / Gabon / São Tomé and Príncipe / Equatorial Guinea
97%
Denmark / Iceland
97%
South Africa / Lesotho
97%
India / Bangladesh
97%
Mexico
97%
Iceland / Ireland
97%
Morocco / Mauritania
96%
Japan
96%
Indonesia
96%
Denmark
95%
Micronesia / Nauru / Marshall Islands / Kiribati
94%
New Zealand
93%
Kiribati / Tuvalu / Samoa
91%
Guinea / Sierra Leone / Liberia
91%
Papua New Guinea / Solomon Islands / Vanuatu
90%
Kiribati / Marshall Islands
90%
Fiji / Tonga
90%
Mauritius / France (Réunion)
88%
Micronesia
87%
Seychelles
86%
Kiribati
86%
Marshall Islands
82%
Ecuador
79%

Score Distribution

Percentile by Number Answered

Percent of People with Each Score

Your Score History

You have not taken this quiz since the last reset